Dynamic Instrumentation Framework for Multicore MIPS Processors / (Record no. 566314)

000 -LEADER
fixed length control field 00513nam a22001577a 4500
020 ## - INTERNATIONAL STANDARD BOOK NUMBER
Qualifying information Hard Cover.
082 ## - DEWEY DECIMAL CLASSIFICATION NUMBER
Classification number BEE-5 IRT
100 ## - MAIN ENTRY--PERSONAL NAME
Personal name S. Irteza Ubaid.
245 ## - TITLE STATEMENT
Title Dynamic Instrumentation Framework for Multicore MIPS Processors /
Statement of responsibility, etc. Ubaid, S. Irteza
260 ## - PUBLICATION, DISTRIBUTION, ETC.
Place of publication, distribution, etc. Islamabad:
Name of publisher, distributor, etc. SEECS-NUST,
Date of publication, distribution, etc. 2012.
300 ## - PHYSICAL DESCRIPTION
Extent 55 p. :
Other physical details ill. ;
Dimensions 30cm.
650 ## - SUBJECT ADDED ENTRY--TOPICAL TERM
Topical term or geographic name entry element Bachelor in Electrical Engineering .
700 ## - ADDED ENTRY--PERSONAL NAME
Personal name Dr. Zahid Anwar
942 ## - ADDED ENTRY ELEMENTS (KOHA)
Source of classification or shelving scheme
Koha item type Project Report
650 ## - SUBJECT ADDED ENTRY--TOPICAL TERM
-- 55460
700 ## - ADDED ENTRY--PERSONAL NAME
-- 23130
Holdings
Withdrawn status Lost status Source of classification or shelving scheme Damaged status Not for loan Permanent Location Current Location Shelving location Date acquired Total Checkouts Full call number Barcode Date last seen Price effective from Koha item type
          Central Library (CL) Central Library (CL) Thesis 06/24/2021   BEE-5 IRT SEECSP01109 06/24/2021 06/24/2021 Project Report
© 2023 Central Library, National University of Sciences and Technology. All Rights Reserved.